000 01109nam a2200349 a 4500
001 0000294
003 DO-SdBPM
005 20250416104120.0
007 ta
008 150130s2005 cl ac 000 0 spa d
020 _a9589422462
040 _aDO-SdBPM
_bspa
_cBPMSU
_erda
082 4 _a741.642
_bH565a 2005
_222
100 1 _aHerrera Restrepo, Bernarda
245 1 0 _aAventuras creativas :
_bpapel /
_cBernarda Herrera Restrepo ; dirección general Jorge Monroy Valencia
264 _aColombia :
_bEditar Ltda,
_c2005
300 _a95 páginas :
_bilustraciones ;
_c29 cm.
336 _atexto
_btxt
_2rdacontent
337 _aSin meidiación
_bn
_2rdamedia
338 _avolumen
_bnc
_0rdacarriert
490 0 _aAventuras creativas
500 _a
500 _a
590 _aInventariado, 2025/VM
650 7 _aTrabajos manuales (Educación)
650 7 _aDibujos
_xEnseñanza primaria
650 7 _aLibros ilustrados para niños
700 1 _aJorge Monroy Valencia
_edirección General
710 2 _aParramón Ediciones
910 _aVMateo V. Control de calidad BPMSU
942 _2ddc
_cBK
999 _c15028
_d15028